Statistics for Victorian Railway Companies

Click here to take the quiz!

General Stats

  • This quiz has been taken 3 times
  • The average score is 12 of 17

Answer Stats

HintAnswer% Correct
The logo looks like a 9Connex
100%
Moving melbourneM>Train
100%
1980's metropolitanThe Met
100%
Blue and goldVictorian Railways
100%
Split off of V/LineV/Line Freight
100%
Current regional operatorV/Line Pass
100%
Green and yellowFreight Victoria
67%
Red gum tramwayKerang - Koondrook Tramway
67%
The first oneMelbourne & Hobson's Bay Railway Company
67%
CBD to Windsor via RichmondMelbourne and Suburban Railway Company
67%
Current metropolitan operatorMetro Trains Melbourne
67%
Branched off Warburton linePowelltown Tramway
67%
Warrnambool lineWest Coast Railway
67%
They built the Geelong lineGeelong and Melbourne Railway Company
33%
Locomotive and train crew leaserGreat Northern Rail Services
33%
St. Kilda - Windsor linkSt. Kilda and Brighton Railway Company
33%
Echuca lineMelbourne, Mount Alexander and Murray River Railway Company
0%

Score Distribution

Percentile by Number Answered

Percent of People with Each Score

Your Score History

You have not taken this quiz